| 000 | 02440cam a2200301 i 4500 | ||
|---|---|---|---|
| 999 |
_c11925 _d11925 |
||
| 003 | OSt | ||
| 005 | 20231116145920.0 | ||
| 008 | 190705s2020 nyua b 001 0 eng | ||
| 010 | _a 2019027779 | ||
| 020 | _a9780367190781 | ||
| 040 | _aBMSCA | ||
| 041 | _aeng. | ||
| 082 | 0 | 0 |
_a333.338 _bDOL |
| 100 | 1 |
_aDoloi, Hemanta Kumar, _eauthor. |
|
| 245 | 1 | 0 |
_aAffordable housing for smart villages / _cHemanta Doloi and Sally Donovan. |
| 300 |
_axiii, 181 pages : _billustrations ; _c24 cm |
||
| 504 | _aIncludes bibliographical references and index. | ||
| 505 | 0 | _aHousing in rural settings -- The nature-culture determinants of rural housing -- Affordable houses -- Housing affordability -- Materials and resources in construction of affordable houses -- Global practices in rural development -- Vulnerability in rural community -- Resilience in rural community -- Sustained growth and development. | |
| 520 | _a"This book initiates a fresh discussion of affordability in rural housing set in the context of the rapidly shifting balance between rural and urban populations. It conceptualises affordability in rural housing along a spectrum that is interlaced with cultural and social values integral to rural livelihoods at both personal and community level. Developed around four intersecting themes: explaining houses and housing in rural settings; exploring affordability in the context of aspirations and vulnerability; rural development agendas involving housing and communities; and construction for resilience in rural communities, the book provides an overview of some of the little understood and sometimes counter-intuitive best practices on rural affordability and affordable housing that have emerged in developing economies over the last thirty years. Drawing on practice-based evidence this book presents innovative ideas for harnessing rural potential, and empowering rural communities with added affordability and progressive development in the context of housing and improved living standards"-- | ||
| 650 | 0 | _aSmart cities. | |
| 650 | 0 |
_aDwellings _xDesign and construction _xCost effectiveness. |
|
| 650 | 0 |
_aHousing _xPlanning. |
|
| 650 | 0 | _aCommunity development. | |
| 650 | 0 | _aRural development. | |
| 700 | 1 |
_aDonovan, Sally, _d1953- _eauthor. |
|
| 776 | 0 | 8 |
_iOnline version: _aDoloi, Hemanta, _tAffordable housing for smart villages _dNew York : Routledge, 2020. _z9780429200250 _w(DLC) 2019027780 |
| 942 | _2ddc | ||